000 00703nam a2200241Ia 4500
003 OSt
005 20221007100505.0
006 a|||||r|||| 00| 0
007 ta
008 221006b |||||||| |||| 00| 0 eng d
024 _a4,503
037 _cTextual
040 _aLCO
_cLCO
_beng
041 _2eng
_aeng
082 _aX:57:(Z2), M1
100 _aGandhi A.B.
245 0 _aCommentary on the Conservation of Foreign Exchange and Prevention of Sumggling Activities Act, 1974
260 _aBombay
_bMilan Law India
_c1981
300 _a170
650 _aCONSERVATION OF FOREIGN EXCHANGE
_9701782
942 _hX:57:(Z2), M1
_cTEXL
999 _c1174066
_d1174066